Missing Word: George Costanza Quiz Stats

Quiz not verified by Sporcle

Challenge
Share
Tweet
Embed
Score 0/20 Timer 04:00
0 Plays Today
Quote Missing Word(s) % Correct
'I can't believe it! I'm a father! I did it! My boys can ______!'swim
91.4%
'Yeah, well, the _____ store called, and they're running out of you.'jerk
90.1%
'My name is Art Vandelay. I'm an ______.'architect
87.1%
'This was supposed to be the _______ of George!'Summer
85%
'The ____ was angry that day my friends, like an old man trying to send back soup in a deli'sea
83.8%
'My name is George. I'm _____ and I live with my parents'unemployed
83.7%
'I was in the _____! I was in the _____!'pool
81.6%
'Every time I think I’m out, they ____ me back in'pull
78.1%
'You’re killing _____ George'independent
74.1%
'My name is ____ _____. I'm a porno actor.'Buck Naked
73.2%
Quote Missing Word(s) % Correct
'You can stuff your _____ in a sack, mister'sorries
69.7%
'I think I can sum up the show for you with one word; ____'nothing
67.8%
'I've driven women to ______ before but never to a mental institution'lesbianism
67.7%
'I'm sorry the answer we were looking for was ______' Moops
59%
'No one’s a bigger _____ than me' idiot
39.4%
'_____?! Is it _____?!'Lupus
33.1%
'I flew too close to the sun on wings of _____.'pastrami
26.3%
'I’d like to have a kid…of course you have to have a ____ first'date
23.4%
'You should've seen the look on her face. It was the same look my father gave me when I told him I wanted to be a ______.' ventriloquist
12.8%
'And so, without further ado, I give you... the _____ _____.'candy lineup
11.5%

You're not logged in!

Compare scores with friends on all Sporcle quizzes.
Join for Free
OR
Log In

You Might Also Like...

Show Comments

Extras

Top Quizzes Today


Score Distribution

Your Account Isn't Verified!

In order to create a playlist on Sporcle, you need to verify the email address you used during registration. Go to your Sporcle Settings to finish the process.

Report this User

Report this user for behavior that violates our Community Guidelines.

Details: